MARC

LEADER 00000nab a2200000 ar4500
001 vtls010323910
003 SK-MaSNL
005 20260303204259.0
008 180911c2011 xo wr|p|||||||000 b|slo
038 |a PPPK 
040 |a PPPKCL  |b slo  |c PPPKCL  |e AACR2 
041 0 |a slo 
044 |a xo  |c SK 
080 |a 502.17:556.55  |x (437.6-17)  |2 2001 
080 |a 797.215:556.55  |x (437.6-17)  |2 2001 
080 |a 556.55  |x (437.6-17)  |2 2001 
245 0 0 |a Najviac odpadu vytiahli zo Štrbského plesa  |c [text a foto] (red) 
300 |b Fotogr. 
611 2 7 |a Čisté vody  |n (18. :  |d 2011 :  |c Vysoké Tatry, Slovensko)  |2 pppkcl  |9 1236979 
650 0 7 |a horské plesá  |2 pppkcl  |9 171908 
650 0 7 |a čistenie plies  |2 pppkcl  |9 1236652 
651 7 |a Vysoké Tatry (Poľsko a Slovensko : pohorie)  |2 SNKPHgeo  |9 67729 
651 7 |a Štrbské pleso (Vysoké Tatry, Slovensko)  |2 pppkcl  |9 174793 
651 7 |a Velické pleso (Vysoké Tatry, Slovensko)  |2 pppkcl  |9 111561 
651 7 |a Popradské pleso (Vysoké Tatry, Slovensko)  |2 pppkcl  |9 160482 
651 7 |a Nové Štrbské pleso (Vysoké Tatry, Slovensko)  |2 pppkcl  |9 246163 
773 0 |t Podtatranské noviny  |g Roč. LII, č. 43 (2011), s. 2  |x 1210-2423 
852 |a PPPK  |b KIS3GCP 
999 |c 2189263  |d 2191193